000 00520nam a2200193Ia 4500
003 OSt
005 20200817095909.0
008 190216s9999||||xx |||||||||||||| ||und||
020 _a9788178088150
040 _coclc
082 _a546
_bSHA/I
100 _aSharpe, Alan G
_94147
245 0 _aInorganic Chemistry /
_cAlan G Sharpe
250 _a3rd Ed.
260 _bPearson Education Asia,
_c2002.
_aDelhi:
300 _a702p
650 _aChemistry
942 _cBK
_2ddc
_h546
_iSHA/I
_k546
_mSHA/I
999 _c3210
_d3210